Jaki to kraj? - Statystyki

Ogólne statystyki
  • Ten quiz został rozwiązany 72 razy
  • Średni wynik to 4 z 7
Statystyki odpowiedzi
Pytania Odpowiedzi % Poprawnych
2 największy pod względem wielkości Kanada
90%
W tym kraju jest góra K2 Chiny
79%
Ten kraj pisze się jak imię męskie Kuba
63%
Pierwszy kraj alfabetycznie Afganistan
56%
Jest w Europie i na najwięcej sąsiadów Francja
53%
W tym kraju mówi się po Hiszpańsku ( nie Hiszpania) Meksyk
47%
3 najmniejszy pod względem wielkości Nauru
29%
Nie znaleziono quizów pasujących do podanych kryteriów
Rozkład punktacji
Procent ludzi z każdym wynikiem
Percentyl według liczby udzielonych odpowiedzi
Twoja historia wyników
Nie rozwiązałeś tego quizu